Estadísticas para Campeones de la Primeira Liga

Haz click aquí para intentar la prueba.

Estadísticas generales

  • Esta prueba ha sido intentada 28 veces
  • La puntuación promedio es 88 de 89

Estadísticas de respuestas

TemporadaCampeón% Correcto
1934-1935F. C. Porto
100%
2002-2003F. C. Porto
100%
1985-1986F. C. Porto
100%
1987-1988F. C. Porto
100%
1989-1990F. C. Porto
100%
1991-1992F. C. Porto
100%
1992-1993F. C. Porto
100%
1994-1995F. C. Porto
100%
1995-1996F. C. Porto
100%
1996-1997F. C. Porto
100%
1997-1998F. C. Porto
100%
1998-1999F. C. Porto
100%
2003-2004F. C. Porto
100%
1977-1978F. C. Porto
100%
2005-2006F. C. Porto
100%
2006-2007F. C. Porto
100%
2007-2008F. C. Porto
100%
2008-2009F. C. Porto
100%
2010-2011F. C. Porto
100%
2011-2012F. C. Porto
100%
2012-2013F. C. Porto
100%
2017-2018F. C. Porto
100%
2019-2020F. C. Porto
100%
2021-2022F. C. Porto
100%
1984-1985F. C. Porto
100%
1978-1979F. C. Porto
100%
1955-1956F. C. Porto
100%
1938-1939F. C. Porto
100%
1939-1940F. C. Porto
100%
1958-1959F. C. Porto
100%
1960-1961S. L. Benfica
100%
1944-1945S. L. Benfica
100%
1956-1957S. L. Benfica
100%
1988-1989S. L. Benfica
100%
1990-1991S. L. Benfica
100%
1993-1994S. L. Benfica
100%
1949-1950S. L. Benfica
100%
2004-2005S. L. Benfica
100%
1941-1942S. L. Benfica
100%
1942-1943S. L. Benfica
100%
2009-2010S. L. Benfica
100%
2013-2014S. L. Benfica
100%
2014-2015S. L. Benfica
100%
2015-2016S. L. Benfica
100%
2016-2017S. L. Benfica
100%
2018-2019S. L. Benfica
100%
1937-1938S. L. Benfica
100%
1936-1937S. L. Benfica
100%
1986-1987S. L. Benfica
100%
1954-1955S. L. Benfica
100%
1983-1984S. L. Benfica
100%
1975-1976S. L. Benfica
100%
1962-1963S. L. Benfica
100%
1963-1964S. L. Benfica
100%
1964-1965S. L. Benfica
100%
1966-1967S. L. Benfica
100%
1967-1968S. L. Benfica
100%
1968-1969S. L. Benfica
100%
1970-1971S. L. Benfica
100%
1971-1972S. L. Benfica
100%
1972-1973S. L. Benfica
100%
1974-1975S. L. Benfica
100%
2022-2023S. L. Benfica
100%
1976-1977S. L. Benfica
100%
1935-1936S. L. Benfica
100%
1982-1983S. L. Benfica
100%
1980-1981S. L. Benfica
100%
1959-1960S. L. Benfica
100%
1947-1948Sporting C. P.
100%
1969-1970Sporting C. P.
100%
1999-2000Sporting C. P.
100%
2020-2021Sporting C. P.
100%
1981-1982Sporting C. P.
100%
1965-1966Sporting C. P.
100%
1979-1980Sporting C. P.
100%
2001-2002Sporting C. P.
100%
1961-1962Sporting C. P.
100%
1953-1954Sporting C. P.
100%
1957-1958Sporting C. P.
100%
1940-1941Sporting C. P.
100%
1948-1949Sporting C. P.
100%
1952-1953Sporting C. P.
100%
1973-1974Sporting C. P.
100%
1943-1944Sporting C. P.
100%
1951-1952Sporting C. P.
100%
1950-1951Sporting C. P.
100%
1946-1947Sporting C. P.
100%
2000-2001Boavista F. C.
56%
1945-1946C. F. Os Belenenses
37%

Distribución de puntuación

Porcentaje por número respondido

Porcentaje de gente con cada puntuación

Historial de tus puntuaciones

No has intentado esta prueba.